000 00650nam a22002177a 4500
003 UA-OsUOA
001 83305
007 ta
008 20120409b un ||||| |||| 00| 0 ukr d
100 _aЄвграфова Є.
090 _a34
_bЕ99
942 _cSA
040 _aUA-OsUOA
_bukr
_cUA-OsUOA
_dUA-OsUOA
245 _aВирішення питань права судом касаційної інстанції (теоретико_практичні аспекти)
300 _aС.10-14
955 _a0
041 _aukr
080 _a34
773 0 _w83301
_tВіче
_dК.
_d2012
_g6
650 7 _a34 Право. Юриспруденція
_2UDC
999 _c369620
_d369620